มุมมองปกติ
มุมมองแบบ MARC
- วรวิทย์ บารู
รายการ Personal Name
001 - CONTROL NUMBER
- control field: 40699
003 - CONTROL NUMBER IDENTIFIER
- control field: NALT
005 - DATE AND TIME OF LATEST TRANSACTION
- control field: 20190702144625.0
008 - FIXED-LENGTH DATA ELEMENTS
- fixed length control field: 190702|| aca||aabn | a|a d
040 ## - CATALOGING SOURCE
- Original cataloging agency: NALT
100 ## - HEADING--PERSONAL NAME
- Personal name: วรวิทย์ บารู
